MARC

LEADER 00000nas a2200000 a 4500
001 ssj0001104
003 WaSeSS
005 20200512172242.0
006 m d
007 cr n
008 050822c19169999inumn pss 0 a0eng c
010 |a  2007215390 
016 7 |a 2066884-3  |2 DE-600 
016 7 |a 017559064  |2 Uk 
022 |a 1940-6487  |l 0031-7217  |y 0031-7217 
024 7 |a LJ121  |2 LC class 
035 |a (WaSeSS)ssj0001104 
040 |a OCLCS  |b eng  |c OCLCS  |d OCLCS  |d GAO  |d UV0  |d OCLCQ  |d LGG  |d NSD  |d OCLCQ  |d EYM  |d HLS  |d OCLCQ  |d MYG  |d OCLCE  |d IUL  |d DLC  |d OCLCQ  |d OCL  |d OCLCQ  |d DLC  |d OCLCF  |d COO  |d OCLCO  |d OCLCQ  |d OCLCO  |d OCLCQ  |d DEBBG  |d CUD  |d Z5A  |d ZAC  |d RCE  |d KSU  |d VT2  |d IOG  |d U3W  |d BRL  |d UOK  |d MOW  |d REC  |d UKMGB  |d AUD  |d WaSeSS 
042 |a nsdp  |a pcc  |a dlr 
050 1 4 |a LJ121  |b .P4 
082 0 4 |a 371  |2 21 
130 0 |a Phi Delta Kappan (Online) 
222 0 |a Phi Delta Kappan  |b (Online) 
245 1 4 |a The Phi Delta Kappan  |h [electronic resource]. 
260 |a Kansas City, MO :  |b Phi Delta Kappa,  |c 1916- 
310 |a Monthly (Sept. through June),  |b 1934- 
321 |a Quarterly,  |b 1916-1923 
321 |a Bimonthly,  |b 1924-1934 
362 1 |a Print began with vol. 2, no. 1 (Nov. 1916). 
500 |a Imprint varies. 
506 |a License restrictions may limit access. 
515 |a Suspended Nov. 1917-June 1920; none published June 1934. 
538 |a Master and use copy. Digital master created according to Benchmark for Faithful Digital Reproductions of Monographs and Serials, Version 1. Digital Library Federation, December 2002.  |u http://purl.oclc.org/DLF/benchrepro0212  |5 MiAaHDL 
550 |a Official national organ of Phi Delta Kappa. 
555 |a Vols. 1-20, 1915-May 1938, in v. 20. 
583 1 |a digitized  |c 2010  |h HathiTrust Digital Library  |l committed to preserve  |5 MiAaHDL  |2 pda 
588 |a Description based on: Vol. 2, no. 1 (Nov. 1916); title from masthead (JSTOR, viewed June 24, 2010). 
588 |a Latest issue consulted: Vol. 90, no. 4 (Dec. 2008) (JSTOR, viewed June 24, 2010). 
650 0 |a Education  |v Periodicals. 
650 0 |a Greek letter societies  |v Periodicals. 
650 6 |a Éducation  |v Périodiques. 
650 6 |a Associations désignées par des lettres grecques  |v Périodiques. 
650 7 |a Education.  |2 fast  |0 (OCoLC)fst00902499 
650 7 |a Greek letter societies.  |2 fast  |0 (OCoLC)fst00947430 
650 1 7 |a Onderwijs.  |2 gtt 
650 7 |a Éducation.  |2 rasuqam 
650 7 |a Enseignement.  |2 rasuqam 
650 7 |a Pédagogie.  |2 rasuqam 
650 7 |a Politique éducative.  |2 rasuqam 
650 7 |a Recherche en éducation.  |2 rasuqam 
650 7 |a Réforme du système éducatif.  |2 rasuqam 
650 7 |a Services aux élèves.  |2 rasuqam 
650 7 |a Système éducatif.  |2 rasuqam 
651 7 |a États-Unis.  |2 rasuqam 
655 0 |a Electronic journals. 
710 2 |a Phi Delta Kappa. 
776 0 8 |i Print version:  |t Phi Delta Kappan  |x 0031-7217  |w (DLC) 46035485  |w (OCoLC)1762202 
780 0 0 |a Phi Delta Kappa.  |t National news letter of Phi Delta Kappa  |x 2329-1230  |w (DLC) 2009235257  |w (OCoLC)428842406 
856 4 0 |z Full text available from Research Library: 01/01/1992 to 04/30/2010  |u https://search.proquest.com/publication/41842